Harmonic maps and minimal immersions with symmetries : methods of ordinary differential equations applied to elliptic variational problems
Αποθηκεύτηκε σε:
| Κύριος συγγραφέας: | |
|---|---|
| Άλλοι συγγραφείς: | |
| Μορφή: | Βιβλίο |
| Γλώσσα: | English |
| Δημοσίευση: |
Princeton, N.J. :
Princeton University Press,
1993
|
| Σειρά: | Annals of mathematics studies ;
; 130 |
| Θέματα: | |
| Ετικέτες: |
Προσθήκη ετικέτας
Δεν υπάρχουν, Καταχωρήστε ετικέτα πρώτοι!
|
MARC
| LEADER | 00000cam a2200000 i 4500 | ||
|---|---|---|---|
| 001 | 1/40714 | ||
| 008 | 941103s1993 eng d | ||
| 020 | |a 0691033218 |c $49.50 | ||
| 020 | |a 069110249X |c $19.95 | ||
| 035 | |l 10041321 | ||
| 035 | |a 1993 | ||
| 040 | |a GR-MY-UA |b gre |e aacr | ||
| 041 | 0 | |a eng | |
| 082 | 0 | |a 514.7 |2 (20) | |
| 100 | 1 | |a Eells, James |d 1926- | |
| 245 | 1 | 0 | |a Harmonic maps and minimal immersions with symmetries : |b methods of ordinary differential equations applied to elliptic variational problems / |c by James Eells and Andrea Ratto |
| 260 | |a Princeton, N.J. : |b Princeton University Press, |c 1993 | ||
| 300 | |a 228 p.; |b ill.; |c 25 cm | ||
| 490 | 1 | |a Annals of mathematics studies |v ; 130 | |
| 504 | |a Includes bibliographical references (p. 213-223) and index | ||
| 650 | 0 | 0 | |a Harmonic maps. |
| 650 | 0 | 0 | |a Immersions (Mathematics) |
| 650 | 0 | 0 | |a Differential equations, Elliptic |x Numerical solutions. |
| 700 | 1 | |a Ratto, Andrea |d 1961- | |
| 830 | 0 | |a Annals of mathematics studies ; |v ; 130 | |
| 852 | |a INST |b SAMOS |e 19941103 |h 514.7 EEL |p 005300002813 |q 005300002813 |t BK |y 0 | ||
| 909 | |a Σ |b 029660 | ||